000 00220nam a2200097Ia 4500
008 240331s9999 xx 000 0 und d
082 _bROY
100 _aRoyster, S
245 0 _aMuch ado about nothing :
_bnotes
942 _cL
999 _c3205
_d3205